000 00370nam a2200121Ia 4500
008 240731s9999 xx 000 0 und d
022 _a1744-4136
245 0 _aChild Neuropsychology : A Journal on Normal and Abnormal Development in Childhood and Adolescence
260 _bRoutledge
856 _uhttps://www.tandfonline.com/loi/ncny20
942 _2ddc
942 _cTFEJ
999 _c75823
_d75823
945 _a1
_bMadushi Gamage
_c1
_dMadushi Gamage